01759nam a2200481 i 450000100060000000300080000600500170001400600190003100700150005000800410006502000180010602000270012403500230015103500240017403500250019803500210022304000310024405000200027508000080029508200160030310000270031924500610034625000230040726400640043030000410049433600310053533700330056633800430059949000440064250000230068650400290070958801270073859001640086565000170102965000180104665000190106465000240108365500270110779700190113483000450115385600620119899900170126025412FlNmELB20241216215823.0m o d | cr cnu||||||||141031s2010 mx ob 001 0 spa d z9786074012934 a9781449225506 (e-book) a(MiAaPQ)EBC3225429 a(Au-PeEL)EBL3225429 a(CaPaEBR)ebr10934441 a(OCoLC)991965897 aFINmELBbspaerdacFINmELB 4aT396bC334 2010 a6590 a659.1522231 aCasa Orencio, Efrén.10aMercadotecnia para exposiciones /cEfrén Casa Orencio. aSegunda edición. 1aMéxico D.F. :bEditorial Miguel Ángel Porrúa,c[2010] a1 recurso en línea (159 páginas) atextobtxt2rdacontent/spa acomputadorabc2rdamedia/spa arecurso en líneabcr2rdacarrier/spa1 aEconomía, finanzas y administración aContiene índice. aContiene bibliografía. aDescripción basada en recurso en línea; Título de la página del título en PDF (e-libro, visto October 31, 2014). aRecurso electrónico. Santa Fe, Arg.: e-libro, 2015. Disponible vía World Wide Web. El acceso puede estar limitado para las bibliotecas afiliadas a e-libro. 0aExhibitions. 4aExposiciones. 0aMercadotecnia. 4aComercialización. 4aLibros electrónicos.2 ae-libro, Corp. 0aEconomía, finanzas y administración.40uhttps://elibro.net/ereader/politecnicointernacional/38320 c25412d25412